000 00466nam a2200181Ia 4500
001 19334
005 20260306172645.0
008 260306t2009||||xx |||||||||||||| ||spa||
041 _aESP
082 _a658.8342
_bA72
100 _aAriely, Dan
_eAUT
245 0 _aPredictably irrational:
_bthe hidden forces that shape our decisions
260 _c2009
300 _axxxii, 368 páginas :
_c23 cm.
650 _aGEN
654 _aCAN
942 _cLIB
_dJUS
_fJUS
_2ddc
_n
999 _c19334
_d19334